000 00691nam a2200217Ia 4500
003 GCL
008 140319s9999 xx 000 0 ara d
040 _aGCL /
_cGCL
082 0 4 _a321.4
_bخ ا
100 1 _aخالد الحسن
245 1 0 _aاشكالية الديمقراطية والبديل الاسلامى فى الوطن العربى /
_cخالد الحسن
260 _a[S.N] :
_bدار البراق للنشر ،
_c1990
300 _a217 ص
490 _a
650 0 4 _aالعالم العربى
650 0 4 _aايران
650 0 4 _aالديمقراطية
650 0 4 _aالاسلام والسياسة
650 0 4 _aالثورة الايرانية
942 _2ddc
_cBK
999 _c35946
_d35946